Digital communication systems (E-Book) (Record no. 191725)

000 -LEADER
fixed length control field 00668 a2200181 4500
003 - CONTROL NUMBER IDENTIFIER
control field Nust
005 - DATE AND TIME OF LATEST TRANSACTION
control field 20170207154022.0
020 ## - INTERNATIONAL STANDARD BOOK NUMBER
International Standard Book Number 0-13-211962-5
040 ## - CATALOGING SOURCE
Transcribing agency Nust
082 ## - DEWEY DECIMAL CLASSIFICATION NUMBER
Classification number 621.382
100 1# - MAIN ENTRY--PERSONAL NAME
Personal name Peebles, Peyton Z.,
245 00 - TITLE STATEMENT
Title Digital communication systems (E-Book)
Statement of responsibility, etc. Peyton Z. Peebles, Jr.
260 ## - PUBLICATION, DISTRIBUTION, ETC.
Place of publication, distribution, etc. Englewood Cliffs :
Name of publisher, distributor, etc. Prentice-Hall,
Date of publication, distribution, etc. cop. 1987
300 ## - PHYSICAL DESCRIPTION
Extent xvi, 432 s. :
Other physical details ill.
505 ## - FORMATTED CONTENTS NOTE
Formatted contents note Introduction (Page-1) Sampling Principles (Page-9) Based Digital Waveform (Page-57) Based Digital Systems (Page-142) Band Pass Binary Digital Systems (Page-244) M-ary Digital Systems (Page-329)
650 ## - SUBJECT ADDED ENTRY--TOPICAL TERM
Topical term or geographic name entry element Telecommunication engineering.
651 ## - SUBJECT ADDED ENTRY--GEOGRAPHIC NAME
Geographic name (E-Book)
942 ## - ADDED ENTRY ELEMENTS (KOHA)
Source of classification or shelving scheme
Koha item type Book
Holdings
Withdrawn status Lost status Source of classification or shelving scheme Damaged status Not for loan Collection code Permanent Location Current Location Date acquired Total Checkouts Full call number Barcode Date last seen Price effective from Koha item type
            Military College of Signals (MCS) Military College of Signals (MCS) 12/12/2016   621.382 MCSEB-1105 12/08/2016 12/12/2016 Book
© 2023 Central Library, National University of Sciences and Technology. All Rights Reserved.